Non-country/foreign territories flags - Statistics

General Stats
  • This quiz has been taken 34 times
  • The average score is 14 of 16
Answer Stats
Picture Answer % Correct
Greenland
100%
Macau
100%
Faroe Islands
96%
Gibraltar
96%
Cook Islands
93%
Guam
93%
Christmas Island
89%
New Caledonia
89%
British Virgin Islands
85%
Niue
85%
Norfolk Island
78%
Northern Mariana Islands
78%
Turks and Caicos Islands
74%
Bonaire
70%
Saba
70%
Sint Eustatius
59%
No matching quizzes found
Score Distribution
Percent of People with Each Score
Percentile by Number Answered
Your Score History
You have not taken this quiz